000 00778nam a2200205Ia 4500
003 GCL
005 20240530101829.0
008 140319s9999 xx 000 0 ara d
040 _aGCL /
_cGCL
082 0 4 _a345.04
_bم ا
100 1 _aمعهد البحوث والدراسات العربية
245 1 0 _aالاعتداء على الحياة فى التشريعات الجنائية العربية /
_cمعهد البحوث والدراسات العربية
260 _a[S.N] :
_bالمنظمة الاسلامية للتربية والعلوم والثقافة
300 _a249 ص
650 0 4 _aالقانون الجنائى
650 0 4 _aالقانون
650 0 4 _aالجريمة والمجرمون
700 1 _aمحمود نجيب حسنى
942 _2ddc
_cBK
999 _c28025
_d28025